| 000 | 00457nam a2200145 a 4500 | ||
|---|---|---|---|
| 001 | 000038158 | ||
| 005 | 20201002031202.0 | ||
| 008 | 130319s1997 dr 000 0 spa d | ||
| 040 |
_aDO-SdBNP _bspa _cBNPHU |
||
| 100 | 1 |
_aPiña Martínez, Alfredo _936256 |
|
| 245 | 1 | 3 |
_aLa ejecución provisional / _cAlfredo Piña Martínez. |
| 260 |
_aSan Francisco de Macorís, : _bImpresora Kalis, _c1997. |
||
| 300 |
_a44 p. ; _c23 cm. |
||
| 504 | _aBibliografía : p. 43-44 | ||
| 999 |
_c37648 _d37648 |
||